000 00640nam a2200205 u 4500
005 20240924071230.0
008 080428s2001 es r 000 0 spa d
020 _a8424660560
035 _aUPN01000155645
049 _aI
050 4 _aPZ78
_bI8.9
100 1 _aIturbe, Arantxa
245 1 0 _aYo lo hago sentado :
_b¿y qué? /
_cArantxa Iturbe ; il. Jokin Mitxelena ; tr. Jorge Giménez.
260 _aBarcelona, Esp. :
_bGalaxia,
_c2001.
300 _a30 p. :
_bil. col.
440 1 _a¿Y qué? ;
_v6.
_pA partir de 8 años
650 4 _aLibros y lectura para niños
_92290
650 4 _aLiteratura infantil
_94445
905 _aInfantil
999 _c127760
_d127760